Catálogo
Digital

Catálogo
Digital

Riesgos y costos de seguridad y salud ocupacional (Record no. 13538)

MARC details
000 -CABECERA
campo de control de longitud fija 01925nam a2200349 4500
003 - IDENTIFICADOR DEL NÚMERO DE CONTROL
campo de control EC-UNACH
005 - FECHA Y HORA DE LA ÚLTIMA TRANSACCIÓN
campo de control 20250422124017.0
006 - CÓDIGOS DE INFORMACIÓN DE LONGITUD FIJA--CARACTERÍSTICAS DEL MATERIAL ADICIONAL
campo de control de longitud fija s||||gr|||| 00| 00
008 - DATOS DE LONGITUD FIJA--INFORMACIÓN GENERAL
campo de control de longitud fija 150116t9999 mx r gr 000 0 spa d
040 ## - FUENTE DE LA CATALOGACIÓN
Centro catalogador/agencia de origen EC-UNACH
Centro/agencia transcriptor EC-UNACH
041 ## - CÓDIGO DE LENGUA
Código de lengua del texto/banda sonora o título independiente spa
082 04 - NÚMERO DE LA CLASIFICACIÓN DECIMAL DEWEY
Número de edición 23
Número de clasificación 613.62
Número de documento/Ítem L017692
100 ## - ENTRADA PRINCIPAL--NOMBRE DE PERSONA
Nombre de persona Quispe Fernandez, Gabith Miriam / Arellano Cepeda, Otto Eulogio / Ayaviri Nina, Víctor Dante / Negrete Costales Omar Patricio / Maldonado Núñez, Alba Isabel / Rodríguez, Edgar Aníbal
245 ## - MENCIÓN DE TÍTULO
Título Riesgos y costos de seguridad y salud ocupacional
Resto del título Aspectos conceptuales y prácticos
250 ## - MENCIÓN DE EDICIÓN
Mención de edición Primera Edición
264 ## - Producción, publicación, distribución, fabricación y copyright
Lugar de producción, publicación, distribución, fabricación Riobamba - Ecuador
Nombre del de productor, editor, distribuidor, fabricante Editorial UNACH
Fecha de de producción, publicación, distribución, fabricación o copyright 2024
264 ## - Producción, publicación, distribución, fabricación y copyright
Lugar de producción, publicación, distribución, fabricación Producción UNACH
300 ## - DESCRIPCIÓN FÍSICA
Extensión 264 páginas
Otras características físicas Figuras, tablas
501 ## - NOTA DE "CON"
Nota de “Con” Incluye contenido
505 ## - NOTA DE CONTENIDO CON FORMATO
Nota de contenido con formato Capítulo 1. La seguridad y salud ocupacional aspectos teóricos -- Capítulo 2. Situación actual y marco normativo de la seguridad y salud ocupacional en Ecuador -- Capítulo 3. Las instituciones públicas de educación superior y estudios realizados sobre la seguridad y salud del trabajo -- Capítulo 4. Los riesgos y la importancia de la prevención en la seguridad y salud ocupacional en instituciones educativas -- Capítulo 5. Los accidentes laborales y enfermedades profesionales en las instituciones educativas -- Capítulo 6. Los costos de la seguridad y salud ocupacional.
650 ## - PUNTO DE ACCESO ADICIONAL DE MATERIA--TÉRMINO DE MATERIA
Término de materia o nombre geográfico como elemento inicial ACCIDENTES LABORALES
650 ## - PUNTO DE ACCESO ADICIONAL DE MATERIA--TÉRMINO DE MATERIA
Término de materia o nombre geográfico como elemento inicial MEDIDAS CORRECTIVAS
650 ## - PUNTO DE ACCESO ADICIONAL DE MATERIA--TÉRMINO DE MATERIA
Término de materia o nombre geográfico como elemento inicial ENFERMEDADES LABORALES
650 ## - PUNTO DE ACCESO ADICIONAL DE MATERIA--TÉRMINO DE MATERIA
Término de materia o nombre geográfico como elemento inicial PLAN DE PREVENCIÓN
650 ## - PUNTO DE ACCESO ADICIONAL DE MATERIA--TÉRMINO DE MATERIA
Término de materia o nombre geográfico como elemento inicial NORMATIVAS
650 ## - PUNTO DE ACCESO ADICIONAL DE MATERIA--TÉRMINO DE MATERIA
Término de materia o nombre geográfico como elemento inicial TASA DE MORTALIDAD
856 ## - LOCALIZACIÓN Y ACCESO ELECTRÓNICOS
Identificador Uniforme del Recurso <a href="https://doi.org/10.37135/u.editorial.05.129">https://doi.org/10.37135/u.editorial.05.129</a>
Texto de enlace Libro Digital - Riesgos y costos de seguridad y salud ocupacional. Aspectos conceptuales y prácticos
942 ## - ELEMENTOS DE PUNTO DE ACCESO ADICIONAL (KOHA)
Fuente del sistema de clasificación o colocación Clasificación Decimal Dewey
Tipo de ítem Koha Libro electrónico
999 ## - NÚMEROS DE CONTROL DE SISTEMA (KOHA)
Koha biblionumber 13538
Holdings
Estado de pérdida Fuente del sistema de clasificación o colocación Estado dañado No para préstamo Localización permanente Ubicación/localización actual Ubicación en estantería Fecha de adquisición Fuente de adquisición Total de préstamos Signatura topográfica completa Código de barras Fecha visto por última vez Número de copia Precio válido a partir de Tipo de ítem Koha Centro de costos
  Clasificación Decimal Dewey     Biblioteca Campus Norte Biblioteca Campus Norte Ingeniería Industrial 22/04/2025 Producción Científica UNACH   613.62 QUI L017692 L017692 22/04/2025 Ej: 01 22/04/2025 Libro electrónico  

Powered by Koha